Panchayati Raj (Record no. 181647)

MARC details
000 -LEADER
fixed length control field 00551nam a22001817a 4500
005 - DATE AND TIME OF LATEST TRANSACTION
control field 20210929102911.0
010 ## - LCCN (DPL NO)
LC control number ENG-129981
020 ## - INTERNATIONAL STANDARD BOOK NUMBER
Terms of availability 675.00
International Standard Book Number 9789384402136
035 ## - SYSTEM CONTROL NUMBER
System control number EN-113513
037 ## - SOURCE OF ACQUISITION
Source of stock number/acquisition DBAD/PUB
082 ## - DEWEY DECIMAL CLASSIFICATION NUMBER
Classification number 320.80954
245 ## - TITLE STATEMENT
Title Panchayati Raj
Remainder of title Democracy and Development
Statement of responsibility, etc Mishra, S.K.
250 ## - EDITION STATEMENT
Edition statement 2017
260 ## - PUBLICATION, DISTRIBUTION, ETC. (IMPRINT)
Name of publisher, distributor, etc Gyan Geeta Prakashan
270 ## - ADDRESS
Address F-7, Gali No.1, Panchsheel Garden, Ext. Naveen Shahdara
Postal code 110032
City Delhi
300 ## - PHYSICAL DESCRIPTION
Extent viii,262p
Dimensions 21cm (hbk)
Other physical details index
942 ## - ADDED ENTRY ELEMENTS (KOHA)
Source of classification or shelving scheme Dewey Decimal Classification
Item type English Books
Classification part 320.80954
Call number suffix MIS
Holdings
Withdrawn status Lost status Not for loan Collection code Home library Current library Date acquired Source of acquisition Cost, normal purchase price Full call number Barcode Copy number Cost, replacement price Koha item type
      Non-fiction Shahdara Branch Shahdara Branch 29/09/2021 MIS 675.00 320.80954 EN-113513 1 675.00 English Books

© Delhi Public Library
Hit Counter
free hit counter